<?xml version="1.0" encoding="UTF-8"?>
<record
    xmlns:xsi="http://www.w3.org/2001/XMLSchema-instance"
    xsi:schemaLocation="http://www.loc.gov/MARC21/slim http://www.loc.gov/standards/marcxml/schema/MARC21slim.xsd"
    xmlns="http://www.loc.gov/MARC21/slim">

  <leader>01110cam a2200313 i 4500</leader>
  <controlfield tag="001">8302</controlfield>
  <controlfield tag="003">BD-RjUL</controlfield>
  <controlfield tag="005">20211208234548.0</controlfield>
  <controlfield tag="008">180114s1975    nyu      b    001 0 eng</controlfield>
  <datafield tag="020" ind1=" " ind2=" ">
    <subfield code="a">0824761677</subfield>
  </datafield>
  <datafield tag="035" ind1=" " ind2=" ">
    <subfield code="a">(BD-RjUL)8347</subfield>
  </datafield>
  <datafield tag="040" ind1=" " ind2=" ">
    <subfield code="a">DLC</subfield>
    <subfield code="c">DLC</subfield>
    <subfield code="d">DLC</subfield>
    <subfield code="d">BD-RjUL</subfield>
    <subfield code="b">eng</subfield>
  </datafield>
  <datafield tag="041" ind1=" " ind2=" ">
    <subfield code="a">eng</subfield>
  </datafield>
  <datafield tag="082" ind1="0" ind2="0">
    <subfield code="a">519.5</subfield>
    <subfield code="2">19</subfield>
    <subfield code="b">ODS 1975</subfield>
  </datafield>
  <datafield tag="100" ind1="1" ind2=" ">
    <subfield code="a">Odeh, Robert E.</subfield>
    <subfield code="9">25884</subfield>
  </datafield>
  <datafield tag="245" ind1="1" ind2="0">
    <subfield code="a">Sample size choice :</subfield>
    <subfield code="b">charts for experiments with linear models /</subfield>
    <subfield code="c">Robert E. Odeh and Martin Fox.</subfield>
  </datafield>
  <datafield tag="260" ind1=" " ind2=" ">
    <subfield code="a">New York :</subfield>
    <subfield code="b">Marcel Dekker,</subfield>
    <subfield code="c">c1975.</subfield>
  </datafield>
  <datafield tag="300" ind1=" " ind2=" ">
    <subfield code="a">viii, 190 p. :</subfield>
    <subfield code="b">ill. ;</subfield>
    <subfield code="c">27 cm.</subfield>
  </datafield>
  <datafield tag="490" ind1="0" ind2=" ">
    <subfield code="a">Statistics : textbooks and monographs ; v. 14</subfield>
  </datafield>
  <datafield tag="500" ind1=" " ind2=" ">
    <subfield code="a">Includes index.</subfield>
  </datafield>
  <datafield tag="504" ind1=" " ind2=" ">
    <subfield code="a">Bibliography: p. 59-62.</subfield>
  </datafield>
  <datafield tag="650" ind1=" " ind2="0">
    <subfield code="a">Experimental design</subfield>
    <subfield code="x">Charts, diagrams, etc.</subfield>
    <subfield code="9">25885</subfield>
  </datafield>
  <datafield tag="650" ind1=" " ind2="0">
    <subfield code="a">Statistical hypothesis testing</subfield>
    <subfield code="x">Charts, diagrams, etc.</subfield>
    <subfield code="9">25886</subfield>
  </datafield>
  <datafield tag="650" ind1=" " ind2="0">
    <subfield code="a">Sampling (Statistics)</subfield>
    <subfield code="x">Charts, diagrams, etc.</subfield>
    <subfield code="9">25887</subfield>
  </datafield>
  <datafield tag="650" ind1=" " ind2="0">
    <subfield code="a">Linear models (Statistics)</subfield>
    <subfield code="x">Charts, diagrams, etc.</subfield>
    <subfield code="9">25888</subfield>
  </datafield>
  <datafield tag="700" ind1="1" ind2=" ">
    <subfield code="a">Fox, Martin,</subfield>
    <subfield code="d">1929-</subfield>
    <subfield code="e">joint author.</subfield>
    <subfield code="9">25889</subfield>
  </datafield>
  <datafield tag="942" ind1=" " ind2=" ">
    <subfield code="2">ddc</subfield>
    <subfield code="c">BK</subfield>
  </datafield>
  <datafield tag="999" ind1=" " ind2=" ">
    <subfield code="c">8302</subfield>
    <subfield code="d">8302</subfield>
  </datafield>
  <datafield tag="952" ind1=" " ind2=" ">
    <subfield code="0">0</subfield>
    <subfield code="1">0</subfield>
    <subfield code="2">ddc</subfield>
    <subfield code="4">0</subfield>
    <subfield code="7">1</subfield>
    <subfield code="a">RUCL</subfield>
    <subfield code="b">RUCL</subfield>
    <subfield code="c">reading</subfield>
    <subfield code="d">1979-07-27</subfield>
    <subfield code="e">Heffer</subfield>
    <subfield code="g">17.40</subfield>
    <subfield code="l">0</subfield>
    <subfield code="o">519.5 ODS 1975</subfield>
    <subfield code="r">2014-01-18 00:00:00</subfield>
    <subfield code="t">C-1</subfield>
    <subfield code="w">2014-01-18</subfield>
    <subfield code="y">BK</subfield>
  </datafield>
  <datafield tag="952" ind1=" " ind2=" ">
    <subfield code="0">0</subfield>
    <subfield code="1">0</subfield>
    <subfield code="2">ddc</subfield>
    <subfield code="4">0</subfield>
    <subfield code="7">0</subfield>
    <subfield code="8">NFIC</subfield>
    <subfield code="a">RUCL</subfield>
    <subfield code="b">RUCL</subfield>
    <subfield code="c">Stack</subfield>
    <subfield code="d">1979-07-27</subfield>
    <subfield code="e">Heffer</subfield>
    <subfield code="g">17.40</subfield>
    <subfield code="l">0</subfield>
    <subfield code="o">519.5 ODS 1975</subfield>
    <subfield code="r">2016-08-31 00:00:00</subfield>
    <subfield code="t">C-2</subfield>
    <subfield code="w">2016-08-31</subfield>
    <subfield code="y">BK</subfield>
  </datafield>
  <datafield tag="952" ind1=" " ind2=" ">
    <subfield code="0">0</subfield>
    <subfield code="1">0</subfield>
    <subfield code="2">ddc</subfield>
    <subfield code="4">0</subfield>
    <subfield code="7">0</subfield>
    <subfield code="8">NFIC</subfield>
    <subfield code="a">RUCL</subfield>
    <subfield code="b">RUCL</subfield>
    <subfield code="c">Stack</subfield>
    <subfield code="d">1979-07-27</subfield>
    <subfield code="e">Heffer</subfield>
    <subfield code="g">17.40</subfield>
    <subfield code="l">0</subfield>
    <subfield code="o">519.5 ODS 1975</subfield>
    <subfield code="r">2016-08-31 00:00:00</subfield>
    <subfield code="t">C-3</subfield>
    <subfield code="w">2016-08-31</subfield>
    <subfield code="y">BK</subfield>
  </datafield>
  <datafield tag="952" ind1=" " ind2=" ">
    <subfield code="0">0</subfield>
    <subfield code="1">0</subfield>
    <subfield code="2">ddc</subfield>
    <subfield code="4">0</subfield>
    <subfield code="7">0</subfield>
    <subfield code="8">NFIC</subfield>
    <subfield code="a">RUCL</subfield>
    <subfield code="b">RUCL</subfield>
    <subfield code="c">Stack</subfield>
    <subfield code="d">1979-07-27</subfield>
    <subfield code="e">Heffer</subfield>
    <subfield code="g">17.40</subfield>
    <subfield code="l">0</subfield>
    <subfield code="o">519.5 ODS 1975</subfield>
    <subfield code="r">2016-08-31 00:00:00</subfield>
    <subfield code="t">C-4</subfield>
    <subfield code="w">2016-08-31</subfield>
    <subfield code="y">BK</subfield>
  </datafield>
  <datafield tag="952" ind1=" " ind2=" ">
    <subfield code="0">0</subfield>
    <subfield code="1">0</subfield>
    <subfield code="2">ddc</subfield>
    <subfield code="4">0</subfield>
    <subfield code="7">0</subfield>
    <subfield code="8">NFIC</subfield>
    <subfield code="a">RUCL</subfield>
    <subfield code="b">RUCL</subfield>
    <subfield code="c">Stack</subfield>
    <subfield code="d">1979-07-27</subfield>
    <subfield code="e">Heffer</subfield>
    <subfield code="g">17.40</subfield>
    <subfield code="l">0</subfield>
    <subfield code="o">519.5 ODS 1975</subfield>
    <subfield code="r">2016-08-31 00:00:00</subfield>
    <subfield code="t">C-5</subfield>
    <subfield code="w">2016-08-31</subfield>
    <subfield code="y">BK</subfield>
  </datafield>
</record>
